000
00317 a2200157 4500
001
62000
020
_a
9788588483323
040
_c
Anchieta - Pituba
100
_a
Armond, Edgard
240
1
0
_a
Almas afins
_l
por
245
1
0
_a
Almas afins
300
_a
154
362
0
_a
2010
650
4
_a
Espiritismo
942
_c
BK
999
_c
62000
_d
62000